|
|
|
|
| LEADER |
01605cam a2200373 a 4500 |
| 001 |
30826 |
| 003 |
BD-DhAAL |
| 005 |
20160117144623.0 |
| 008 |
160117s2012 enka b 000 0 eng d |
| 010 |
|
|
|a 2011939360
|
| 020 |
|
|
|a 9781781003275 (hbk.)
|
| 020 |
|
|
|a 1781003270 (hbk.)
|
| 040 |
|
|
|a UKMGB
|b eng
|c UKMGB
|d BTCTA
|d YDXCP
|d YNK
|d CDX
|d BWX
|d KIJ
|d OCLCO
|d OCLCQ
|d PIT
|d DLC
|d BD-DhAAL
|
| 050 |
0 |
0 |
|a HC430.6
|b .R445 2012
|
| 082 |
0 |
4 |
|a 337.10954
|2 23
|
| 999 |
|
|
|c 36632
|d 36632
|
| 999 |
|
|
|c 36632
|
| 245 |
0 |
0 |
|a Regional integration and economic development in South Asia /
|c edited by Sultan Hafeez Rahman, Sridhar Khatri, Hans-Peter Brunner.
|
| 260 |
|
|
|a Cheltenham :
|b Edward Elgar ;
|a Manila :
|b Asian Development Bank,
|c 2012.
|
| 300 |
|
|
|a xxiii, 399 p. :
|b ill. ;
|c 24 cm.
|
| 504 |
|
|
|a Includes bibliographical references.
|
| 526 |
|
|
|a BIGD
|
| 541 |
|
|
|e 30826, 30827
|
| 650 |
|
0 |
|a Economic development
|z South Asia.
|9 17418
|
| 650 |
|
0 |
|a Regional economics
|z South Asia.
|9 17419
|
| 650 |
|
0 |
|a International economic integration.
|9 17420
|
| 651 |
|
0 |
|a South Asia
|x Economic integration.
|9 17421
|
| 700 |
1 |
|
|a Rahman, Sultan Hafeez.
|9 17422
|
| 700 |
1 |
|
|a Khatri, Sridhar K.
|9 17423
|
| 700 |
1 |
|
|a Brunner, Hans-Peter,
|d 1956-
|9 17424
|
| 710 |
2 |
|
|a Asian Development Bank.
|9 17425
|
| 942 |
|
|
|2 ddc
|c BK
|
| 952 |
|
|
|0 0
|1 0
|2 ddc
|4 0
|6 337_109540000000000_REG
|7 0
|9 57628
|a IGS
|b IGS
|c GEN
|d 2016-01-17
|e BIGD
|l 0
|o 337.10954 REG
|p 3010030826
|r 2016-01-17
|t 1
|w 2016-01-17
|y BK
|
| 952 |
|
|
|0 0
|1 0
|2 ddc
|4 0
|6 337_109540000000000_REG
|7 0
|9 57629
|a IGS
|b IGS
|c GEN
|d 2016-01-17
|e BIGD
|l 0
|o 337.10954 REG
|p 3010030827
|r 2016-01-17
|t 2
|w 2016-01-17
|y BK
|